A város új tárgyalásokat kezd a 310 ezer dolláros kölcsön ügyében a kölcsönügy érdekes részletei a pénzügyi és jogügyi bizottság hétfői ülésén
Elmentve itt :
| Dokumentumtípus: | Cikk |
|---|---|
| Megjelent: |
1934-01-09
|
| Sorozat: | Délmagyarország
10 No. 5 |
| Kulcsszavak: | Segély Szeged 1934 |
| Online Access: | http://dmarchiv.bibl.u-szeged.hu/48187 |
| LEADER | 00543nab a2200145 i 4500 | ||
|---|---|---|---|
| 001 | delm48187 | ||
| 005 | 20180927134908.0 | ||
| 008 | 180927s1934 hu o 0|| hun d | ||
| 040 | |a SZTE Délmagyarország Archívum |b hun | ||
| 041 | |a hun | ||
| 245 | 0 | 2 | |a A város új tárgyalásokat kezd a 310 ezer dolláros kölcsön ügyében |h [elektronikus dokumentum] : |b a kölcsönügy érdekes részletei a pénzügyi és jogügyi bizottság hétfői ülésén |
| 260 | |c 1934-01-09 | ||
| 300 | |a 2 | ||
| 490 | 0 | |a Délmagyarország |v 10 No. 5 | |
| 695 | |a Segély Szeged 1934 | ||